000 01510nam a22003857a 4500
001 2127223
003 OSt
005 20210422052922.0
008 971103s1998 nyub 001 0 eng
010 _a 97045139
020 _a0385482485 (hardcover : alk. paper)
040 _aDLC
_cDLC
_dDLC
050 0 0 _aBM165
_b.C25 1998
080 _a94
_bC-14
082 0 0 _a909/.04924
_221
100 1 _aCahill, Thomas.
245 1 4 _aThe gifts of the Jews :
_bhow a tribe of desert nomads changed the way everyone thinks and feels /
_cThomas Cahill.
250 _a1st ed.
260 _aNew York :
_bNan A. Talese,
_cc1998.
300 _axii, 291 p. :
_bmaps ;
_c22 cm.
490 1 _aThe hinges of history ;
_vv. 2
500 _aIncludes indexes.
630 0 0 _aBible.
_pOld Testament
_xHistory of Biblical events.
650 0 _aJudaism
_xHistory
_yTo 70 A.D.
650 0 _aJews
_xHistory
_yTo 70 A.D.
650 0 _aCivilization
_xJewish influences.
653 _aისტორია
800 1 _aCahill, Thomas.
_tHinges of history ;
_vv. 2.
856 4 2 _3Contributor biographical information
_uhttp://www.loc.gov/catdir/bios/random058/97045139.html
856 4 1 _3Sample text
_uhttp://www.loc.gov/catdir/samples/random042/97045139.html
856 4 2 _3Publisher description
_uhttp://www.loc.gov/catdir/description/random046/97045139.html
906 _a7
_bcbc
_corignew
_d1
_eocip
_f19
_gy-gencatlg
942 _2udc
_cBK
999 _c772
_d772